[Event "Hamburg HSK"]
[Site "Hamburg"]
[Date "2011.01.02"]
[Round "1.3"]
[White "Huschenbeth, Niclas"]
[Black "Berg, Klaus"]
[Result "1-0"]
[WhiteElo "2450"]
[BlackElo "2439"]
[Annotator "Albers,A"]
[PlyCount "95"]
[EventDate "2011.01.02"]
[EventType "tourn"]
[EventRounds "9"]
[EventCountry "GER"]
[EventCategory "7"]
[SourceTitle "CBM 140 Extra"]
[Source "ChessBase"]
[SourceDate "2011.03.01"]
[SourceVersion "1"]
[SourceVersionDate "2011.03.01"]
[SourceQuality "1"]

1. e4 c5 2. Nf3 e6 3. d4 cxd4 4. Nxd4 Nc6 5. Nc3 Qc7 6. Be3 a6 7. Qd2 Nf6 8.
O-O-O Bb4 9. f3 Ne5 10. Nb3 b5 11. Qe1 Rb8 12. Qg3 O-O 13. Bd4 Bd6 14. f4 Nh5 {
das nun folgende Damenopfer (für 3 Figuren oder so.) ist bereit bekannt und
beide Spieler werden gewußt haben, worauf sie sich einlassen.} 15. fxe5 Nxg3
16. exd6 Qxd6 17. hxg3 Qxg3 18. Bc5 {[#]} b4 {eine neue Idee} (18... Re8 19.
Bd6 Qg5+ 20. Kb1 Rb6 21. e5 Rxd6 22. exd6 {ist so etwas wie die Hauptvariante.}
) 19. Na4 a5 20. Bd6 Qe3+ 21. Kb1 Bb7 22. Nac5 a4 23. Na5 Ba8 24. Bd3 Rfd8 25.
Na6 b3 26. Nc4 $2 (26. Nxb8 bxc2+ 27. Bxc2 Bxe4 28. Bxe4 Qxe4+ 29. Ka1 {
und niemand weiß wie es eigentlich steht.}) 26... bxc2+ 27. Bxc2 Qe2 28. Nxb8
Qxc4 29. e5 Be4 30. Rd2 f5 31. exf6 a3 32. fxg7 $4 (32. Rhd1 $17) 32... Rc8 $1
33. Rc1 axb2 34. Kxb2 {[#]} Rxb8+ $4 (34... Qc3+ $1 35. Kb1 Qxd2 36. Nc6 Rxc6
37. Bc5 Rxc5 38. a4 Rxc2 39. Rxc2 Qxc2+ 40. Ka1 Qb1#) 35. Bb3 Rxb3+ 36. axb3
Qb5 37. Re1 Bg6 (37... Bd5 $5 38. Re3 Qb6 39. Bf4 Kxg7 {und auch hier sollte
eher Schwarz besser stehen.}) 38. Be5 h6 39. Bc3 Qf5 40. g4 Qxg4 41. Rf1 Bf5
42. Ra1 Qe4 43. Ra4 Qb1+ 44. Ka3 e5 45. Bxe5 Be4 46. Rxd7 Qc1+ 47. Bb2 Qc5+ 48.
Ka2 1-0

[Event "Valle d'Aosta op 11th"]
[Site "Saint Vincent"]
[Date "2003.02.09"]
[Round "2"]
[White "Arizmendi Martinez, Julen Luis"]
[Black "Collutiis, Duilio"]
[Result "1-0"]
[WhiteElo "2520"]
[BlackElo "2326"]
[Annotator "Arizmendi,J"]
[PlyCount "49"]
[EventDate "2003.02.08"]
[EventType "swiss"]
[EventRounds "9"]
[EventCountry "ITA"]
[SourceTitle "CBM 094"]
[Source "ChessBase"]
[SourceDate "2003.05.26"]
[SourceVersion "1"]
[SourceVersionDate "2003.05.26"]
[SourceQuality "1"]

1. e4 c5 2. Nf3 Nc6 3. d4 cxd4 4. Nxd4 Qc7 5. Nc3 e6 6. Be3 {The latest weapon
against the Taimanov variation, especially suited for those players who like
playing the English Attack against the Sicilian.} a6 7. Qd2 Nf6 8. O-O-O Ng4 $5
{An interesting move, but played with the wrong idea.} (8... Bb4 9. f3 {
is more common, when black has both 9...Ne7 and 9...Ne5 as playable options.
Black obtained good counter play with the latter in Kasparov - Ye Jiangchuan
and Kasimzhanov - Ye Jianchuan, from the Bled Olympiad 2002.}) 9. Bf4 e5 $2 {
Too optimistic, but my opponent was following a recommendation on ECO.} (9...
Nge5 {is better, as played by Greek GM Banikas in several games.} 10. Bg3 Nxd4
11. Qxd4 f6 12. f4 (12. Be2 Bc5 13. Qd2 O-O 14. f4 Nf7 15. Bf3 Rb8 16. Rhe1 b5
17. e5 f5 18. Bf2 Bxf2 19. Qxf2 Bb7 20. Rd3 b4 21. Ne2 Be4 22. Rd2 Qa5 23. b3
Qxa2 24. Qd4 Bxf3 25. gxf3 Rfd8 26. Rg1 g6 27. Qb2 Qxb2+ 28. Kxb2 d6 29. exd6
Nxd6 30. Rgd1 Nf7 31. Rd7 Rxd7 32. Rxd7 Rd8 33. Re7 Rd6 34. Kc1 a5 35. Ra7 Rd5
36. Ra6 Nd6 37. Rc6 Nb5 38. Rxe6 Nd4 39. Nxd4 Rxd4 40. Re5 Rxf4 41. Rxa5 Rxf3
42. Ra4 Rh3 43. Rxb4 Rxh2 44. Rd4 g5 45. b4 g4 46. Rf4 Rh5 47. Kd2 Rg5 48. Ke2
Kf7 49. b5 Ke6 50. Rd4 Rg7 51. b6 Rb7 52. Rb4 h5 53. Ke3 h4 54. c4 h3 55. c5
Kd5 56. Rf4 Rh7 57. Rxf5+ Kc6 58. Rf6+ Kb7 59. Rf1 g3 60. Kf3 g2 61. Ra1 Rf7+
62. Ke2 Kc6 63. Ra7 Rxa7 {0-1 Smirnov,P-Banikas,H/Panormo 2002/CBM 90 ext (63)}
) 12... Bc5 13. Qd2 Nf7 14. e5 f5 15. Bf2 Bxf2 16. Qxf2 b5 17. Rg1 Qa7 18. Qxa7
Rxa7 19. g4 fxg4 20. Rxg4 O-O 21. Bd3 Nh6 22. Rg5 Bb7 23. Rdg1 Rf7 24. Kd2 Kh8
25. Ke3 Ra8 26. Ne2 Raf8 27. a3 Ng8 28. Rh5 Nh6 29. Rhg5 Ng8) 10. Nd5 Qd8 (
10... Qb8 $6 11. h3 Nxf2 12. Qxf2 exf4 13. Nf5 $16) 11. h3 $1 {After this move
white gets a confortable advantage.} (11. Be2 {Is not so precise due to} h5 $1
(11... Nxf2 12. Bg5 Be7 (12... f6 13. Bxf6 $18) 13. Bxe7 (13. Nxe7 Nxd4) 13...
Nxe7 14. Nxe7 Nxe4 15. Qe3 Qxe7 16. Qxe4 exd4 17. Qxd4 O-O $14) 12. Bxg4 hxg4
13. Nxc6 bxc6 14. Be3 Rb8 {when black seems to be OK.}) (11. Qe2 $5 {Is an
interesting move, recommended by Anand in a note of ECO.} d6 12. Nf5 Bxf5 13.
exf5 Nf6 14. Bg5 Be7 15. Bxf6 Bxf6 $14) 11... Nxf2 (11... Nf6 12. Nxf6+ gxf6 (
12... Qxf6 13. Bg5 Qd6 14. Nf5 Qxd2+ 15. Rxd2 $16 {White´s advantage is clear.}
) 13. Nxc6 bxc6 14. Bh6 $16 {The black king stuck in the center is a major
factor here.}) 12. Qxf2 (12. Bg5 {Might even be better than the move played in
the game.} f6 (12... Nxe4 $2 13. Bxd8 Nxd2 14. Bh4 $1 $18) 13. Qxf2 Nxd4 (13...
fxg5 14. Bb5 $1 $18) 14. Be3 $16 (14. Nxf6+ {does not work.} gxf6 15. Bxf6 Bh6+
(15... Qb6 16. Qh4 (16. Rxd4 Bh6+ 17. Kb1 Rf8)) 16. Kb1 Rf8 $19)) 12... exf4
13. Qxf4 d6 14. Bc4 Nxd4 $2 {A clear mistake. Black should have tried to keep
the position as closed as possible in order to be able to bring his remaining
pieces out in time. Now white will launch a decisive attack on the black king.}
(14... Ne5 15. Bb3 Be7 16. Nxe7 (16. Kb1 O-O 17. Nf3 $5) 16... Qxe7 17. Nf5
Bxf5 18. exf5 $14) 15. Rxd4 Be6 16. e5 $1 {Of course!} Rc8 (16... dxe5 17. Qxe5
Qd6 18. Nc7+ $18) 17. Rhd1 (17. Ne3 Bxc4 18. Nxc4 d5 19. Nd6+ Bxd6 20. exd6 O-O
21. Rxd5 $16) 17... Rc6 (17... dxe5 18. Qxe5 Qd6 (18... Bc5 19. Qxg7) 19. Qe3
$16 {And black´s position is not one to envy.} (19. Nf6+ gxf6 20. Qxf6 Qe7 21.
Qxh8 Bxc4)) 18. Ne3 $1 $18 {The d6 pawn is lost, and with it the game. The
rest requires no comments.} Be7 (18... Bxc4 19. Nxc4 Be7 20. Nxd6+ Rxd6 21.
Rxd6 Bxd6 22. exd6 O-O 23. d7 $18) 19. Bxe6 fxe6 20. exd6 Bf6 21. d7+ Ke7 22.
Re4 (22. Ng4 Bxd4 23. Qxd4 $18) 22... Kf7 23. Ng4 Rc5 24. Nxf6 gxf6 (24... Rf5
25. Qxf5 exf5 26. Re8 $18) 25. Rxe6 1-0

[Event "ESP-chB 68th"]
[Site "Burgos"]
[Date "2003.10.24"]
[Round "1"]
[White "Arizmendi Martinez, Julen Luis"]
[Black "De la Riva Aguado, Oscar"]
[Result "1/2-1/2"]
[WhiteElo "2521"]
[BlackElo "2549"]
[Annotator "Arizmendi,J"]
[PlyCount "47"]
[EventDate "2003.10.24"]
[EventType "tourn"]
[EventRounds "2"]
[EventCountry "ESP"]
[SourceTitle "EXT 2004"]
[Source "ChessBase"]
[SourceDate "2003.11.25"]
[SourceVersion "1"]
[SourceVersionDate "2003.11.25"]
[SourceQuality "1"]

1. e4 c5 2. Nf3 Nc6 3. d4 cxd4 4. Nxd4 e6 5. Nc3 a6 6. Be3 {This line is
becoming increasingly popular amongst those players who like to play in
English Attack fashion against the Sicilian. Many black methods have been
worked out for black to obtain a decent game, but usually the positions
reached do not suit black so well.} Qc7 7. Qd2 Nf6 8. O-O-O Bb4 9. f3 {All
this has been played countless times, but now De la Riva goes for Ulf
Andersson´s idea instead of the main line which begins with 9...Ne5} Ne7 10.
Nde2 {It is necessary to avoid Bxc3 followed by d7-d5.} d5 11. Bg5 {This seems
like white´s most active choice} dxe4 12. Bxf6 gxf6 13. Qd4 exf3 14. Qxb4 fxe2
15. Bxe2 f5 {Up to here one can find several games, and Gashimov - Tregubov,
Istambul 2003 would be the most representative. What follows is a novelty, but
not a very happy one.} 16. Na4 (16. Bf3 {was Gashimov´s choice, but after
Tregubov´s correct reply} Bd7 $1 {black is Ok.}) 16... b5 $1 {No doubt this is
best, even if it looks a little weakening. A kight should not be allowed into
b6, for that would cramp black queenside considerably.} 17. Nc5 O-O (17... Nd5
{would force me to sacrifice an exchange, but it seems to be good compensation
for white after} 18. Rxd5 exd5 19. Qd4 O-O 20. Bf3) (17... Ng6 $5 {Is maybe a
better option.}) 18. Nd7 (18. Bf3 {is similar to the game.}) 18... Bxd7 (18...
Rd8 19. Nf6+ Kg7 20. Rxd8 Qxd8 21. Qc3 $18) 19. Qxe7 Rac8 $1 {only move.} 20.
Qg5+ Kh8 21. Qf6+ Kg8 22. Qg5+ (22. Rd2 Bc6 (22... e5) 23. Rd3 Bxg2 (23... Bf3
24. Qg5+ Kh8 25. Rc3 Qxc3 26. bxc3 Bxe2) 24. Rg3+ Qxg3 25. hxg3 Bxh1 {is equal.
}) (22. Bd3 {was my original idea, but I noticed} Qd8 23. Qh6 Rc6 {and was not
too sure about the resulting position.}) 22... Kh8 23. Qf6+ Kg8 24. Qg5+ {
So, some improvement for white is needed in this line.} 1/2-1/2

[Event "Vladimir op"]
[Site "Vladimir"]
[Date "2002.08.19"]
[Round "4"]
[White "Atalik, Suat"]
[Black "Ulko, Jaroslav"]
[Result "1-0"]
[WhiteElo "2551"]
[BlackElo "2479"]
[Annotator "Atalik,S"]
[PlyCount "87"]
[EventDate "2001.08.16"]
[EventType "swiss"]
[EventRounds "9"]
[EventCountry "RUS"]
[SourceTitle "CBM 091"]
[Source "ChessBase"]
[SourceDate "2002.11.12"]
[SourceVersion "1"]
[SourceVersionDate "2002.11.12"]
[SourceQuality "1"]

1. e4 c5 2. Nf3 e6 3. d4 cxd4 4. Nxd4 Nc6 5. Nc3 Qc7 6. Be3 a6 7. Qd2 {f3
Sicilian is very popular these days.} Nf6 8. O-O-O Bb4 9. f3 d5 $6 {This
direct move is not a big threat on white.} (9... Ne5 10. Nb3 b5 (10... d5 11.
Bd4) 11. Kb1 Nc4 12. Bxc4 bxc4 13. Nc1 $14 {Topalov-Lutz,Dortmund 2002.}) 10.
a3 {The point of whites play.} Bxc3 11. Qxc3 dxe4 12. Nxc6 $146 {Maybe not the
best but it looks very healthy to me.} (12. Bg5 Nd5 13. Qc5 exf3 14. Nxc6 $1 (
14. gxf3 f6 15. Bd2 Nce7) 14... bxc6 15. gxf3 $44) (12. fxe4 Nxe4 13. Qd3 $1
Nf6 (13... f5 14. Qc4 e5 15. Nxc6 Qxc6 16. Rd5 Qe6 17. Ra5 $16 {Ju.Polgar-Jo.
Horvath,Chalkidiki(ECC) 2002.}) 14. Nxc6 bxc6 15. Bc5 $44) 12... Qxc6 13. Qe5
O-O 14. Rd6 $6 {Difficult to chose one line from the other.} (14. Bg5 Nd7 15.
Qxe4 Qxe4 16. fxe4 f6 17. Be3 Re8 18. Be2 Nf8 19. Bh5 g6 20. Be2 e5 21. Rd6 Be6
22. Rhd1 $16) 14... Qe8 $2 (14... Qc7 15. Rxe6 $1 (15. Bb6 {is not as good as
it seems.} Qb8 (15... Nd7 16. Bxc7 Nxe5 17. fxe4 b5 (17... f6 18. Rd2) 18. Rd2
Nc4 19. Bxc4 bxc4 20. Rd4 Bb7 21. Rxc4 Rac8) (15... Qe7 16. Bd4 Ne8 17. Rb6)
16. Bd4 Ne8 17. Rd8 Qxe5 18. Bxe5 exf3 19. gxf3 b5) 15... Qxe5 16. Rxe5 exf3 (
16... Bd7 17. Be2 Bc6 18. Re1) 17. gxf3 Be6 18. Rg1 (18. Bg2 Rfe8 19. Re1 Nd7
20. Re4 Bd5 21. Rd4 Bc6) 18... Rfe8 19. Bd4 Rad8 20. c3 $16) 15. Bg5 $4 {
Did I go blind or what?} (15. Bh6 $1 $18 {would have decided the game at once.}
) 15... Qe7 16. fxe4 $6 {I became steady at the drivers seat around here.} (16.
Rd4 $1 h6 17. Bh4 g5 (17... b5 18. Rxe4) 18. Bxg5 hxg5 19. Qxg5+ Kh8 20. Rxe4
Re8 21. Qe5 $1 Rg8 22. Rh4+ Kg7 23. Rf4 b5 24. g4 $18) 16... Re8 $2 {Helping
white.} (16... h6 17. Bxf6 Qxf6 18. Qxf6 gxf6 19. Rb6 Rd8 (19... Bd7 20. Rxb7
Bc6 21. Rb6) 20. Bd3 Kf8 21. Rf1 Ke7 22. Rf4 Rg8 23. g3 Rg6 $14 {Black holds
everything together.}) 17. Qg3 h6 18. Bxf6 Qxf6 19. e5 Qe7 (19... Qg5+ 20. Qxg5
hxg5 21. Rd4 $1 (21. Rb6 $6 Rd8 22. Bc4 Rd4) (21. h4 $6 gxh4 22. Rxh4 b5) 21...
b5 22. Rg4 f6 23. h4 Bb7 24. exf6 gxf6 25. hxg5 $18) 20. Bd3 b5 $2 (20... Bd7
21. Be4 Bc6 22. Rxc6 bxc6 23. Bxc6 Rab8 24. Bxe8 Qxe8 25. Rd1 Qb5 26. b3 Qc5
27. Kb2 Rc8 28. Rd2 a5 29. a4 $16 {White is a pawn up but still has to deal
with some problems to convert it.}) 21. Rd4 $3 {Finally I came back to my
senses. It is very strong to deploy the rook on the 4th rank for frontal
attack on g7.} (21. Rd1 Rb8 (21... Bb7 22. Rd7)) 21... Bb7 22. Rg4 Qf8 (22...
f5 23. exf6 Qxf6 24. Rg6 $18) 23. Rf1 Red8 (23... Rac8 24. Rf6 Kh8 25. Qh4 Rc7
26. Rxh6+ $18) (23... Rad8 24. Rf6 Kh8 25. Qf2 Rd7 26. Rxh6+ $18) 24. Rgf4 $5 {
This is also winning.} (24. Rf6 Kh8 25. Qf2 (25. Qh4 Rxd3) 25... Rxd3 26. Rxf7
Rf3 27. Rxf8+ Rfxf8 28. Qe2 $18) 24... Rd7 (24... Bd5 25. Rf6) 25. Bg6 $18 (25.
Rf6 $2 Qc5 $1 {is the problem.} (25... Kh8 $2 26. Qg6 fxg6 27. Rxf8+ Rxf8 28.
Rxf8+ Kh7 29. Re8 Bd5 (29... Rd4 30. Rxe6 Be4 31. Rd6) 30. g4 Rf7 31. h4 Rf4
32. h5 Rxg4 33. hxg6+ Rxg6 34. b3 h5 35. c4 bxc4 36. bxc4 Bxc4 37. Bxc4 $18))
25... fxg6 26. Rxf8+ Rxf8 27. Rxf8+ Kxf8 28. Qxg6 Bd5 29. b3 {The endgame is
won for white but still he has to show some technic.} Rf7 30. Qd3 Kg8 (30...
Rf4 31. a4 bxa4 32. c4 Bxg2 33. Qd6+ Kf7 34. Qd7+ Kf8 35. Qxa4 Rf1+ 36. Kd2 Bh3
37. Qxa6 Rf2+ 38. Ke3 Rxh2 39. b4 $18) 31. g3 Rf2 32. c4 bxc4 33. bxc4 Bg2 34.
Qe3 Rf5 35. g4 (35. Qb6 Kf7 36. Qd6 $18) 35... Rf8 36. Qb6 Rf4 37. Qxe6+ Kh7
38. Kd2 Bh3 39. Ke3 $1 {Things are rolling easier after this.} Rxg4 (39... Bxg4
40. Qc6 Rf3+ 41. Qxf3 Bxf3 42. Kxf3 Kg6 43. Ke4 Kf7 44. Kd5 Ke7 45. c5 $18) 40.
Qf5+ Kh8 (40... Kg8 41. Qf3 $18 ({One should not fall into.} 41. Qh5 $2 Rxc4))
41. Qf8+ Kh7 42. e6 Rxc4 (42... Rg1 43. e7 Bd7 44. Qd8 Ba4 45. Kd4 $18) 43. e7
Bd7 44. Qd8 {finishes the game.} (44. Qd8 Bb5 45. Qd3+ g6 46. Qxc4 $18) 1-0

[Event "Capablanca Memorial Elite 36th"]
[Site "Havana"]
[Date "2001.05.05"]
[Round "1"]
[White "Stefansson, Hannes"]
[Black "Bruzon Batista, Lazaro"]
[Result "1-0"]
[WhiteElo "2570"]
[BlackElo "2584"]
[Annotator "Atlas,V"]
[PlyCount "43"]
[EventDate "2001.05.05"]
[EventType "tourn"]
[EventRounds "12"]
[EventCountry "CUB"]
[EventCategory "13"]
[SourceTitle "CBM 084"]
[Source "ChessBase"]
[SourceDate "2001.09.13"]
[SourceVersion "1"]
[SourceVersionDate "2001.09.13"]
[SourceQuality "1"]

1. e4 c5 2. Nf3 e6 3. d4 cxd4 4. Nxd4 Nc6 5. Nc3 Qc7 6. Be3 a6 7. Bd3 b5 8. O-O
Bb7 9. Nxc6 Qxc6 10. a3 Nf6 11. Qe2 Be7 12. f4 Qc7 13. Bd4 O-O 14. Kh1 g6 15.
e5 Nd5 16. Ne4 f5 17. exf6 Nxf6 18. Be5 Qc6 19. Ng5 Rae8 20. b3 Nh5 $4 ({
A terrible blunder. Although White pieces are very active, after} 20... Bd8 {
followed by Re7-g7 /\h7-h6, Black has good counterchances.}) 21. Be4 $1 {
[%csl Gg2][%cal Ge4b7] This strong move, disarming the Black battery along the
main diagonal, is the first step towards the victory.} Qc8 (21... d5 {is
elegantly refuted by} 22. Qxh5 $1 Bxg5 23. Bxg6 $1) {[%tqu "En","Black's king
is in bad shape. How to finish it off?","Disclose the enemy king even more!",
"Target the h7-pawn!","e2h5","This queen sacrifice decides the game at once.",
4]} 22. Qxh5 $1 {[%csl Rg8,Rh7][%cal Ge4h7,Gh5h7,Gg5h7,Ge5h8,Gg5f7]} (22. Qxh5
gxh5 (22... Bxg5 23. Bxg6 hxg6 24. Qxg6#) (22... Bxe4 23. Qxh7#) 23. Bxh7#) 1-0

[Event "Najdorf Memorial 8th"]
[Site "Buenos Aires"]
[Date "1997.05.29"]
[Round "9"]
[White "Zarnicki, Pablo Adrian"]
[Black "Panno, Oscar"]
[Result "1-0"]
[WhiteElo "2560"]
[BlackElo "2465"]
[Annotator "Bangiev,A"]
[PlyCount "80"]
[EventDate "1997.05.19"]
[EventType "tourn"]
[EventRounds "9"]
[EventCountry "ARG"]
[EventCategory "13"]
[SourceTitle "CBM 060"]
[Source "ChessBase"]
[SourceDate "1997.09.29"]
[SourceVersion "1"]
[SourceVersionDate "1997.09.29"]
[SourceQuality "1"]

1. e4 {Hecht} c5 2. Nf3 e6 3. d4 cxd4 4. Nxd4 a6 5. Nc3 Qc7 6. Bd3 Nc6 7. Be3
Nf6 8. O-O Nxd4 9. Bxd4 Bc5 10. Bxc5 Qxc5 11. Qd2 {Die Hauptvariante in diesem
Abspiel lautet 11.Qe2 d6 12.Kh1, der Partiezug ist aber auch logisch. Weiß
strebt danach, die Kontrolle über schwarzen Feldern (vor allem das Feld e5) zu
verstärken.} O-O (11... d6 $6 12. Rad1 $1 Bd7 13. Kh1 Bc6 14. a3 O-O 15. f4
Rfd8 16. Qe1 a5 17. e5 $36 {0-1 Pupo,E-Andonovski,L/Capablanca mem-C 1995 (34)}
) 12. Kh1 b5 13. f4 d6 14. Rae1 {Es droht 15.e5} e5 (14... b4 15. Na4 Qa5 16.
b3 d5 17. e5 Ng4 18. h3 Nh6 19. g4 Bd7 20. f5 Rfb8 21. f6 $16 {1-0 Spraggett,
K-Livshits,R/Toronto op 1995 (30)}) (14... Bb7 15. e5) 15. Nd5 $1 (15. a3 $5)
15... Nxd5 16. exd5 $14 f6 (16... Bb7 17. fxe5 Qxd5 18. exd6 $14) 17. b4 $1 Qb6
18. Re3 Ra7 19. Rg3 (19. f5 $6 a5 $132) 19... Raf7 {/\20...a5} (19... a5 $2 20.
fxe5 dxe5 21. Qh6 $18) 20. Qe2 Bd7 {/\21...a5} 21. Rff3 $6 (21. Qh5 $6 f5 22.
fxe5 dxe5 $15) (21. a3 $5 {/\c4} exf4 22. Qe4 g6 23. Qxf4 $13) (21. fxe5 dxe5
22. a3 Rd8 $132) 21... exf4 $1 (21... a5 $5 22. fxe5 (22. a3 $6 axb4 23. axb4
Ra8 $132) 22... dxe5 23. bxa5 (23. Re3 axb4 24. Qh5 f5 25. Rxe5 Qd6 $15) 23...
Qxa5 24. c4 $13) 22. Rxf4 $6 (22. Qe4 g6 23. Qxf4 Re8 24. Rf1 $13) 22... Re8
23. Re4 Re5 $1 24. Rge3 Bf5 25. Rxe5 fxe5 $15 26. h3 Qd4 27. Bxf5 Rxf5 28. Qd3
Rf4 $17 29. Qa3 $6 (29. Qxd4 Rxd4 30. Ra3 Rxd5 31. Rxa6 $17) 29... h5 {/\30...
Rf1} (29... Rf2 $5 $17) (29... Rf1+ 30. Kh2 Qf4+ 31. Rg3 Qd4 32. Qe3 Qa1 $17)
30. Rf3 Qd1+ {Ein fehlerhafter Plan in einer Stellung mit klarem Vorteil.
Schwarz geht freiwillig ins Bauernendspiel über, das er errtümlich für sich
positiv bewertet.} (30... Qxb4 31. Qxb4 Rxb4 32. Ra3 Ra4 $1 (32... Rd4 33. Rxa6
Rxd5 $17) 33. Rxa4 bxa4 {Das Bauernendspiel ist für Weiß gewonnen. Das weitere
Spiel könnte sich etwa folgendermaßen gestalten.} 34. Kg1 Kf7 35. Kf2 Kf6 36.
Ke3 (36. g4 hxg4 37. hxg4 e4 38. Ke3 Ke5 39. c4 a3 $19) 36... h4 $1 (36... Kf5
{/\ ...e4; ...Ke5} 37. h4 (37. c4 h4 $19) 37... a3 38. g3 $1 (38. c4 e4 39. Kd4
(39. g3 Ke5 $19) 39... Kf4 40. c5 dxc5+ 41. Kxc5 e3 42. d6 e2 43. d7 e1=Q 44.
d8=Q Qc3+ $1 45. Kb6 Qf6+ 46. Qxf6+ gxf6 $19) 38... a5 39. Kd3 (39. c3 e4 40.
Kd4 a4 41. c4 g6 42. c5 dxc5+ 43. Kxc5 e3 44. d6 Ke6 45. Kc6 e2 46. d7 e1=Q 47.
d8=Q Qxg3 $17) 39... g5 40. hxg5 Kxg5 41. Ke4 Kg6 42. c4 Kf6 43. Kd3 Kf5 44.
Ke3 e4 45. Kd4 a4 46. c5 dxc5+ 47. Kxc5 e3 48. d6 e2 49. d7 e1=Q 50. d8=Q Qxg3
$17) 37. Ke4 a3 38. c3 Kg5 39. c4 Kf6 40. Kd3 Kf5 41. Ke3 e4 42. Kd4 Kf4 43. c5
dxc5+ 44. Kxc5 e3 45. d6 e2 46. d7 e1=Q 47. d8=Q Qc3+ 48. Kb6 Qf6+ 49. Qxf6+
gxf6 $19) 31. Kh2 Rxf3 $6 (31... Qxd5 32. Rxf4 exf4 33. Qxa6 Qe5 $15) (31...
Qxc2 32. Rxf4 exf4 33. Qf3 $17) 32. Qxf3 Qxf3 $2 (32... Qxc2 33. Qxh5 $11) 33.
gxf3 {Weiß steht jetzt besser. Er soll seinen Köning nach e3 bringen, nach dem
die gewinnenden Drohungen Ke3-e4-f5 oder c2-c4 auftauchen.  [#] Hecht Thema:
Bauernhebel c4 zwecks Etablierung eines entfernten Freibauern am Damenflügel.}
g5 $2 {Man darf das Feld f5 nicht schwächen.} (33... Kf7 34. Kg3 Ke7 35. Kf2 (
35. Kh4 $6 g6 36. Kg5 Kf7) 35... Kd7 36. Ke3 g6 37. Kd3 $1 (37. Ke4 Ke7 38. f4
exf4 39. Kxf4 Kf6 40. h4 Kf7 $11) 37... Ke7 38. c4 bxc4+ 39. Kxc4 g5 40. Kd3
$18) 34. Kg3 Kf7 35. Kf2 {Jetzt ist klar geworden, daß Weiß dank den Drohungen
Ke3-e4-f5 und c2-c4 klar auf Gewinn steht.} Kf6 (35... e4 $1 {Hecht} 36. fxe4 (
36. c4 bxc4 37. a4 c3 $19) 36... Kf6 37. Ke3 Ke5 38. c4 bxc4 39. a4 c3 40. b5
axb5 41. axb5 c2 42. Kd2 g4 43. hxg4 hxg4 44. b6 g3 45. b7 g2 46. b8=Q c1=Q+
47. Kxc1 g1=Q+ $11) 36. Ke3 Kf5 37. c4 $1 $18 {Ein typischer Durchbruch.} e4 (
37... bxc4 38. a4 c3 39. b5 $18 (39. b5 {Hecht} axb5 40. axb5 c2 41. Kd2 Kf4
42. b6 Kxf3 43. b7 $18)) (37... Kf6 {Hecht} 38. c5 dxc5 39. bxc5 Ke7 40. Ke4 a5
41. Kxe5 b4 42. d6+ Kd7 43. Kd5 a4 44. c6+ Kd8 45. Ke6 b3 46. axb3 axb3 47. d7
$18) 38. c5 dxc5 39. bxc5 Ke5 40. fxe4 b4 (40... b4 {Hecht} 41. c6 Kd6 42. e5+
Kc7 43. Ke4 (43. Kd4 g4 44. hxg4 hxg4 45. Kc5 g3 46. d6+ Kc8 47. Kb6 (47. c7
Kb7 $1) 47... g2 48. d7+ Kd8 49. c7+ Kxd7 50. Kb7 g1=Q 51. c8=Q+ Ke7 $13) 43...
a5 44. Kf5 a4 45. Ke6 b3 46. axb3 axb3 47. d6+ Kxc6 (47... Kd8 48. d7 b2 49.
Kd6 b1=Q 50. c7#) 48. d7 b2 49. d8=Q b1=Q 50. Qc8+ $18) (40... g4 {Hecht} 41.
hxg4 hxg4 42. c6 Kd6 43. e5+ Kc7 44. Kf4 b4 45. Kxg4 a5 46. Kf5 a4 47. Ke6 b3
48. axb3 axb3 49. d6+ Kd8 50. d7 $18) 1-0